000 01717nam0a2200397 4500
001 RU\NLR\bibl\86832
005 20260405143806.0
020 _aRU
_b98-28335
_9Книжная летопись
021 _aRU
_b98-19358
_9920
035 _a(NLR Aleph) 000084818
090 _a473694
_c473694
100 _a20000410d1997 |||y0rusy50 ca
101 0 _arus
102 _aRU
105 _aa |||||||||
200 1 _aЗахват
_eДетектив. повести
_fГригорий Кроних
_g[Худож. Д. Маношин]
210 _aНовосибирск
_cМангазея
_d1997
215 _a431 с.
_cил.
_d22
225 1 _aРусский криминал
_eСовременный русский детектив
300 _aПеред вып. дан. загл. сер.: Суперсерия "Рус. криминал"
327 1 _aСодерж.: Маргинал; Маргинал II; Похищение по...; Дилетант
461 0 _12001#$aРусский криминал$eСовременный русский детектив
_tРусский криминал
610 0 _aПреступники - Борьба с ними (х. л.)
610 0 _aДетективные романы и рассказы (х. л.)
675 _a882-31Кроних
_v3
_zrus
686 _a17
_2rugasnti
686 _a84(2Рос-Рус)6
_2rubbk
686 _aШ6(2=Р)75-446
700 1 _4070
_8rus
_7ca
_aКроних
_bГ. А.
_f1966-
_gГригорий Андреевич
_3RU\NLR\AUTH\7759485
_942416
801 0 _aRU
_bRKP
_c20000410
_gPSBO
801 1 _aRU
_bRKP
_c20000410
801 2 _aRU
_bNLR
_c20000525
_grcr
852 _aNLR
_j98-3/6329
942 _cBOOK
980 _aNB